000 00789nas a2200241 4500
001 BR9803950
003 BR-BrBNA
005 20231205100848.0
007 ta
008 230509b bl.|||p| |||| 00| 00por d
040 _aBR-BrBNA
_bpor
_cBiblioteca Nacional de Agricultura
041 _a(Pt)
072 _aF30
100 1 _aTulmann Neto, A.
100 1 _aLatado, R.R.
245 1 _aInducao de mutacao in vivo, no melhoramento de crisantemo (Dendranthema grandiflora Tzvelev)cv. Repin Rosa
650 _aCrisantemo
650 _aMutacao Induzida
650 _aMelhoramento Genetico Vegetal
773 0 _tPesquisa Agropecuaria Brasileira (Brazil)
_xISSN 0100-204X
_g(Nov 1997), v. 32(11) p. 1153-1158
_wBR9803950
909 _a202311
_bLúcia
_c55
_dLúcia Elande
942 _2AGRIS
_n0
_cANA
999 _c158505
_d158505